Philippe Soupault

Salvato in:
Dettagli Bibliografici
Autore principale: Dupuy, Henry-Jacques (Autore)
Natura: Libro
Lingua:francese
Pubblicazione: París Pierre Seghers 1957
Serie:Poetes d'aujourd'hui, 58
Soggetti:
Tags: Aggiungi Tag
Nessun Tag, puoi essere il primo ad aggiungerne!!

MARC

LEADER 00000nam a2200000 a 4500
001 UCV8547
003 CL-VaPUC
008 911003e19570000FR |||||||||||||||||fre|d
082 0 4 |a 841.09  |b DUP  |2 21 
100 0 |a Dupuy, Henry-Jacques  |e author  |9 302575 
245 1 0 |a Philippe Soupault 
300 |a 221 p 
942 |c BK 
945 |d 19911003 00:00:00  |a oaravena 
260 |a París  |b Pierre Seghers  |c 1957 
600 0 7 |a SOUPAULT, PHILIPPE  |2 CL-VaPUC  |9 266800 
650 0 |a Poesías francesas  |9 265467 
583 |a last modification  |c 20180314 14:49:02  |k Rodrigo Vera 
490 0 |a Poetes d'aujourd'hui, 58 
999 |c 214040  |d 214038 
952 |0 0  |1 0  |4 0  |6 841_090000000000000_DUP_1957  |7 0  |8 P  |9 197047  |a BIBART  |b BIBART  |d 2019-11-14  |i 306896K  |o 841.09 DUP 1957  |p 306896K  |r 2025-03-13  |w 2019-11-14  |y BK  |k ART